| 000 | 005210000a22002050004500 | ||
|---|---|---|---|
| 003 | LK-CoMWRAF | ||
| 005 | 20230828215958.0 | ||
| 008 | 230817t2008 ||||| |||| 00| 0 eng d | ||
| 020 | _a9789555020015 | ||
| 040 |
_aLK-CoMWRAF _dLK-CoMWRAF _eLK-CoMWRAF |
||
| 041 | _aeng | ||
| 082 |
_a944.09 _bABE |
||
| 100 | _aAbeyratne, Seneka | ||
| 245 | _aThree Star K & other Plays | ||
| 250 | _aFirst Edition | ||
| 260 |
_aSri Lanka : _bSeneka Abeyratne, _c2008 |
||
| 300 | _a338p | ||
| 650 | _aSri Lanka - Plays | ||
| 942 | _cBK | ||
| 999 |
_c2254 _d2254 |
||